00312nam a2200121Ia 4500008004100000020001500041082001900056100000500075245004100080260004200121300000800163700001900171140316s9999 xx 000 0 und d a0195624831 a508.03bALL/OX a aOxford dictionary of natural history aBombaybOxford University Pressc1989 a688 aAllaby,Michael